Crónica de la muy ilustre, noble y leal ciudad de Alicante (Record no. 31360)

MARC details
000 -LEADER
campo de control de longitud fija 00960nam a2200229 i 4500
001 - NÚMERO DE CONTROL
campo de control 31360
003 - IDENTIFICADOR DE NÚMERO DE CONTROL
campo de control ES-MaACL
005 - FECHA Y HORA DE LA ÚLTIMA TRANSACCIÓN
campo de control 20250904002320.0
007 - CAMPO FIJO DE DESCRIPCIÓN FÍSICA--INFORMACIÓN GENERAL
campo de control de longitud fija t|
008 - DATOS DE LONGITUD FIJA--INFORMACIÓN GENERAL
campo de control de longitud fija 030129s1960 sp ||||1| spa d
100 1# - ENTRADA PRINCIPAL--NOMBRE DE PERSONA
Nombre de persona Bendicho, Vicente.
9 (RLIN) 27479
245 10 - MENCIÓN DEL TÍTULO
Título Crónica de la muy ilustre, noble y leal ciudad de Alicante
Resto del título : acabada en la misma ciudad, el año del Señor 1640 /
Mención de responsabilidad, etc. Vicente Bendicho ; resumida y anotada por Francisco Figueras Pacheco.
260 ## - PUBLICACIÓN, DISTRIBUCIÓN, ETC.
Lugar de publicación, distribución, etc. Alicante :
Nombre del editor, distribuidor, etc. Diputación Provincial de Alicante,
Fecha de publicación, distribución, etc. [1960]
300 ## - DESCRIPCIÓN FÍSICA
Extensión 212 p. ;
Dimensiones 21 cm.
490 1# - MENCIÓN DE SERIE
Mención de serie Publicaciones del Instituto de Estudios Alicantinos ;
Designación de volumen o secuencia 21
651 #4 - PUNTO DE ACCESO ADICIONAL DE MATERIA--NOMBRE GEOGRÁFICO
Nombre geográfico Alicante-
Subdivisión general Historia.
9 (RLIN) 7681
700 1# - ENTRADA AGREGADA--NOMBRE PERSONAL
Nombre de persona Figueras Pacheco, Francisco,
Fechas asociadas al nombre 1880-1960
9 (RLIN) 50766
710 1# - ENTRADA AGREGADA--NOMBRE DE ENTIDAD CORPORATIVA
Nombre de entidad corporativa o nombre de jurisdicción como elemento de entrada Alicante (Provincia).
Unidad subordinada Diputación Provincial.
9 (RLIN) 1336
830 0# - PUNTO DE ACCESO ADICIONAL DE SERIE-TÍTULO UNIFORME
Título uniforme Publicaciones del Instituto de Estudios Alicantinos ;
Designación de volumen o secuencia 21
9 (RLIN) 182064
852 ## - LOCALIZACIÓN
Ubicación ES-MaACL
Número de control de estantería C-19928
Sublocalización o colección R.47180
Holdings
Estatus retirado Estado de pérdida Estado de daño No para préstamo Biblioteca de origen Biblioteca actual Ubicación en estantería Fecha de adquisición Fuente de adquisición Total de préstamos Signatura topográfica completa Código de barras Visto por última vez Precio de reemplazo Tipo de ítem Koha
        Biblioteca del Ateneo de Madrid Biblioteca del Ateneo de Madrid Galería 17/01/2008     C-19928 1032408 23/02/2023 23/02/2023 Libro impreso